[Event "4NCL Division Two"]
[Site "Telford, ENG"]
[Date "2024.03.17"]
[EventDate "2024.03.17"]
[Round "8.41"]
[White "Holland, James P"]
[WhiteElo "2359"]
[WhiteTeam "The Sharks 2"]
[Black "Grant, David J"]
[BlackElo "2202"]
[BlackTeam "Sussex Martlets 1"]
[Result "1-0"]

1. Nf3 Nf6 2. g3 g6 3. Bg2 Bg7 4. O-O O-O 5. d4 d6 6. c4 Nc6 7. Nc3 a6 8. d5
Na5 9. b3 c5 10. dxc6 bxc6 11. Nd4 Qc7 12. e4 Rb8 13. h3 e5 14. Nde2 Nh5 15.
Ba3 Nb7 16. Qd2 f5 17. exf5 gxf5 18. Qg5 Nf6 19. Rad1 Be6 20. f4 Rfd8 21. g4
fxg4 22. fxe5 h6 23. Qg6 Bf7 24. Qf5 dxe5 25. Ne4 Nh7 26. Qxg4 Rxd1 27. Rxd1
Rd8 28. Rf1 Qd7 29. Qf3 Be6 30. N2g3 Qd3 31. Nf5 Qxf3 32. Ne7+ Kh8 33. Rxf3
Rd1+ 34. Rf1 Rxf1+ 35. Kxf1 Bd7 36. Bb2 Nf8 37. h4 h5 38. Ng5 Nd8 39. Ba3 Be8
40. Be4 Bd7 41. Bd6 Be8 42. Kf2 Nb7 43. Ba3 Nd8 44. Bb4 Bf6 45. Kg3 Kg7 46. Nf3
Nfe6 47. Nf5+ Kg8 48. Bd6 Nf7 49. Be7 Bh8 50. Ba3 Ned8 51. Ne7+ Kg7 52. Ng6 Ne6
53. Nfxe5 Nxe5 54. Nxe5 Nd8 55. Be7 Kg8 56. Nd3 Ne6 57. Bd6 Nd4 58. Nc5 a5 59.
Nb7 Ne2+ 60. Kf3 Nc3 61. Nxa5 Nxe4 62. Kxe4 Bc3 63. Nb7 Bg6+ 64. Ke3 Bb1 65. a4
Bc2 66. a5 c5 67. a6 Bd4+ 68. Kd2 1-0

[Event "4NCL Division Two"]
[Site "Telford, ENG"]
[Date "2024.03.17"]
[EventDate "2024.03.17"]
[Round "8.42"]
[White "Cumming, Rhys"]
[WhiteTitle "FM"]
[WhiteElo "2293"]
[WhiteTeam "Sussex Martlets 1"]
[Black "Foisor, Mihaela-Veronica"]
[BlackTitle "WIM"]
[BlackElo "2195"]
[BlackTeam "The Sharks 2"]
[Result "0-1"]

1. e4 e6 2. d4 d5 3. Nd2 Nf6 4. e5 Nfd7 5. c3 c5 6. Bd3 Nc6 7. Ne2 Qb6 8. Nf3
Be7 9. O-O f5 10. exf6 Nxf6 11. Nf4 cxd4 12. cxd4 O-O 13. Re1 Bb4 14. Re2 Re8
15. Be3 Bd7 16. a3 Bd6 17. b4 Qc7 18. Qd2 Rf8 19. g3 Rae8 20. b5 Na5 21. Rc1
Nb3 22. Bxh7+ Nxh7 23. Rxc7 Nxd2 24. Rxd7 Nxf3+ 25. Kg2 Bxf4 26. gxf4 Nh4+ 27.
Kh3 Nf5 28. Rxb7 Rf7 29. Rxf7 Kxf7 30. Rc2 Re7 31. a4 Nf6 32. Rc6 Ne4 33. Ra6
Rb7 34. a5 Rxb5 35. Rxa7+ Kf6 36. Ra8 Rb3 37. a6 Nxf2+ 38. Kg2 Nxe3+ 39. Kxf2
Ng4+ 40. Ke2 Ra3 41. a7 Kf7 42. h4 Nh6 43. h5 Nf5 44. Kd2 Nxd4 45. Kc1 Nb5 46.
f5 Rxa7 47. fxe6+ Kxe6 48. Rb8 Nd6 49. Kc2 Ra3 50. Rg8 Nf5 51. Re8+ Kf6 0-1

[Event "4NCL Division Two"]
[Site "Telford, ENG"]
[Date "2024.03.17"]
[EventDate "2024.03.17"]
[Round "8.43"]
[White "Hryshchenko, Kamila"]
[WhiteElo "2274"]
[WhiteTeam "The Sharks 2"]
[Black "Brewer, Callum D"]
[BlackElo "2149"]
[BlackTeam "Sussex Martlets 1"]
[Result "0-1"]

1. e4 c6 2. d4 d5 3. e5 Bf5 4. Be3 Qb6 5. Qc1 e6 6. Nd2 c5 7. Nb3 c4 8. Nd2 Nc6
9. c3 f6 10. Nxc4 Qc7 11. Nd2 fxe5 12. dxe5 Nxe5 13. Bb5+ Nc6 14. Ne2 Bd6 15.
c4 Nge7 16. cxd5 exd5 17. h3 O-O 18. O-O a6 19. Ba4 Bd3 20. Re1 Nf5 21. Nf3 Be4
22. Nfd4 Nxe3 23. Qxe3 Rae8 24. Qd2 Bh2+ 25. Kf1 Bg3 26. Nf3 Bxf2 27. Kxf2
Rxf3+ 28. Kg1 Qb6+ 29. Kh2 Rf2 30. Rg1 Bf3 31. Bxc6 Rexe2 32. Bxd5+ Kh8 33.
Rae1 Qd6+ 34. Kh1 Qg3 35. Qf4 Qxf4 36. Bxf3 Rxe1 0-1

[Event "4NCL Division Two"]
[Site "Telford, ENG"]
[Date "2024.03.17"]
[EventDate "2024.03.17"]
[Round "8.44"]
[White "Rich, Mark C"]
[WhiteTitle "CM"]
[WhiteElo "2212"]
[WhiteTeam "Sussex Martlets 1"]
[Black "Milson, Samuel A"]
[BlackElo "2172"]
[BlackTeam "The Sharks 2"]
[Result "1/2-1/2"]

1. e4 e6 2. d4 d5 3. Nc3 Nf6 4. Bg5 Be7 5. Bxf6 Bxf6 6. e5 Be7 7. Bd3 c5 8. Nf3
cxd4 9. Nxd4 Nc6 10. Nxc6 bxc6 11. Qg4 g6 12. O-O Rb8 13. b3 Qc7 14. Qg3 Qa5
15. Ne2 Ba6 16. Bxa6 Qxa6 17. Qd3 Qb6 18. Nd4 c5 19. Nf3 f6 20. c4 1/2-1/2

[Event "4NCL Division Two"]
[Site "Telford, ENG"]
[Date "2024.03.17"]
[EventDate "2024.03.17"]
[Round "8.45"]
[White "Birtwistle, Nigel"]
[WhiteElo "2134"]
[WhiteTeam "The Sharks 2"]
[Black "Kolani, Arjun"]
[BlackElo "2241"]
[BlackTeam "Sussex Martlets 1"]
[Result "1/2-1/2"]

1. Nf3 Nf6 2. c4 c5 3. g3 d5 4. Bg2 Nc6 5. cxd5 Nxd5 6. Nc3 Nc7 7. O-O e5 8.
Ne1 Bd7 9. b3 Be7 10. Nd3 f6 11. Bb2 O-O 12. f4 exf4 13. Nxf4 Rb8 14. Rc1 Nd4
15. e3 Nde6 16. Qc2 Nxf4 17. gxf4 Be6 18. Be4 f5 19. Bg2 b6 20. Rf2 Bf6 21. Kh1
Nd5 22. Nxd5 Bxd5 23. Rg1 g6 24. h3 Rc8 25. Kh2 Bxg2 26. Rfxg2 Bxb2 27. Qxb2
Qf6 28. Qc2 Rfd8 29. Qc4+ Qf7 30. Qc3 Rd6 31. d4 Qe6 32. Rc1 Rdc6 33. Qd3 Qd5
34. Qc4 Qxc4 35. Rxc4 cxd4 36. Rxd4 Re6 37. Rd3 Re7 38. Kg3 Kf7 39. Kf3 Rc1 40.
Re2 h6 41. Rd6 Rf1+ 42. Kg3 Kg7 43. Rd5 Kf6 44. Rd6+ Kf7 45. Rd5 Kg7 46. b4 Rb1
47. Rd4 Rc1 48. Kf3 Rc3 49. Kf2 Ra3 50. Kf3 Kf6 51. h4 Re6 52. Kf2 b5 53. Rd5
a6 54. Rc5 g5 55. hxg5+ hxg5 56. fxg5+ 1/2-1/2

[Event "4NCL Division Two"]
[Site "Telford, ENG"]
[Date "2024.03.17"]
[EventDate "2024.03.17"]
[Round "8.46"]
[White "Graham, David B"]
[WhiteElo "2240"]
[WhiteTeam "Sussex Martlets 1"]
[Black "Lentzos, Ioanis"]
[BlackElo "2205"]
[BlackTeam "The Sharks 2"]
[Result "1/2-1/2"]

1. e4 c5 2. Nf3 e6 3. d3 Nc6 4. g3 d6 5. Bg2 Nf6 6. O-O Be7 7. c3 O-O 8. Nbd2
Bd7 9. Re1 Qc7 10. Nf1 b5 11. Bf4 e5 12. Bd2 b4 13. Ne3 Rab8 14. Nd5 Nxd5 15.
exd5 bxc3 16. bxc3 Nd8 17. c4 f5 18. Bc3 Nf7 19. Nd2 Qd8 20. Rb1 1/2-1/2

[Event "4NCL Division Two"]
[Site "Telford, ENG"]
[Date "2024.03.17"]
[EventDate "2024.03.17"]
[Round "8.47"]
[White "Varnam, Liam D"]
[WhiteElo "2118"]
[WhiteTeam "The Sharks 2"]
[Black "Bucher, Grant W"]
[BlackElo "2132"]
[BlackTeam "Sussex Martlets 1"]
[Result "1-0"]

1. e4 e5 2. Nf3 Nc6 3. Bb5 a6 4. Ba4 Nf6 5. O-O Bc5 6. d3 b5 7. Bb3 d6 8. c3
Bb6 9. a4 Rb8 10. axb5 axb5 11. Na3 Na5 12. Bc2 Bd7 13. b4 Nb7 14. d4 Qe7 15.
Re1 O-O 16. Bb2 Nd8 17. Qd2 Nc6 18. Bd3 Bg4 19. Bxb5 Bxf3 20. Bxc6 Bh5 21. Nc4
Bg6 22. Nxb6 Rxb6 23. b5 Rfb8 24. Ra7 h5 25. dxe5 Qxe5 26. c4 Qc5 27. Bd4 Qxc4
28. Bxb6 Rxb6 29. Rxc7 Nxe4 30. Qe3 Rxb5 31. Bxb5 Qxc7 32. Bd3 Nf6 33. Bxg6
fxg6 34. Rc1 Qd7 35. Qb6 Qe7 36. h3 h4 37. Qe3 Qxe3 38. fxe3 d5 39. Rc7 g5 40.
Kf2 g4 41. hxg4 Nxg4+ 42. Kf3 Nf6 43. Kf4 Kh7 44. Kg5 Ne4+ 45. Kxh4 Kg6 46. Kg4
Nf6+ 47. Kf4 d4 48. e4 d3 49. Rc3 1-0

[Event "4NCL Division Two"]
[Site "Telford, ENG"]
[Date "2024.03.17"]
[EventDate "2024.03.17"]
[Round "8.48"]
[White "Graham, Cassie M"]
[WhiteElo "2013"]
[WhiteTeam "Sussex Martlets 1"]
[Black "McCarthy, Kevin C"]
[BlackElo "2016"]
[BlackTeam "The Sharks 2"]
[Result "1-0"]

1. e4 e6 2. d3 d5 3. Nd2 c5 4. Ngf3 Nc6 5. g3 Nf6 6. Bg2 Be7 7. O-O b5 8. Re1
O-O 9. e5 Nd7 10. Nf1 Bb7 11. h4 a5 12. Bf4 c4 13. d4 Qb6 14. N1h2 Nd8 15. Bh3
f6 16. Qe2 Bc8 17. Ng4 f5 18. Ne3 b4 19. c3 Bb7 20. Ng5 Bxg5 21. Bxg5 Nf7 22.
Bf4 Nh8 23. h5 Qd8 24. Qf3 g5 25. hxg6 hxg6 26. g4 g5 27. gxf5 Ng6 28. fxg6
Rxf4 29. Bxe6+ Kg7 30. Qh3 Nf8 31. Nf5+ Rxf5 32. Qxf5 Qe7 33. Bf7 Nd7 34. Kg2
Rh8 35. Rh1 Rh4 36. Rxh4 gxh4 37. Qh5 h3+ 38. Kxh3 Nf8 39. Rh1 1-0

[Event "4NCL Division Two"]
[Site "Telford, ENG"]
[Date "2024.03.17"]
[EventDate "2024.03.17"]
[Round "8.51"]
[White "Blackburn, Jonathan L B"]
[WhiteTitle "FM"]
[WhiteElo "2178"]
[WhiteTeam "The Audible Checks"]
[Black "Kanellopoulos, Panayotis"]
[BlackElo "2252"]
[BlackTeam "Anglian Avengers"]
[Result "1/2-1/2"]

1. d4 Nf6 2. c4 g6 3. Nc3 Bg7 4. e4 O-O 5. Be2 d6 6. f4 Na6 7. Nf3 e5 8. dxe5
dxe5 9. Nxe5 Nc5 10. Bf3 Qxd1+ 11. Kxd1 Rd8+ 12. Kc2 Nfxe4 13. Nxe4 Bf5 14. Re1
Bxe5 15. fxe5 Rd4 16. Kc3 Rd3+ 17. Kc2 Rd4 18. Kc3 Rd3+ 1/2-1/2

[Event "4NCL Division Two"]
[Site "Telford, ENG"]
[Date "2024.03.17"]
[EventDate "2024.03.17"]
[Round "8.52"]
[White "Scott, Gordon W"]
[WhiteElo "2280"]
[WhiteTeam "Anglian Avengers"]
[Black "Rees, Ioan"]
[BlackTitle "FM"]
[BlackElo "2266"]
[BlackTeam "The Audible Checks"]
[Result "1/2-1/2"]

1. d4 d5 2. c4 c6 3. Nf3 Nf6 4. Nc3 e6 5. e3 Nbd7 6. Bd3 dxc4 7. Bxc4 b5 8. Bd3
b4 9. Ne4 Nxe4 10. Bxe4 Qb6 11. O-O Be7 12. Qc2 Bb7 13. Bxh7 Rc8 14. Bd3 c5 15.
Ne5 Bd6 16. Qa4 Bxe5 17. dxe5 c4 18. Be2 Bc6 19. Qd1 Nxe5 20. Qd4 Qxd4 21. exd4
Nd3 22. Bxd3 cxd3 23. Bd2 Rh4 24. f4 Ba8 1/2-1/2

[Event "4NCL Division Two"]
[Site "Telford, ENG"]
[Date "2024.03.17"]
[EventDate "2024.03.17"]
[Round "8.53"]
[White "Jones, Steven A"]
[WhiteElo "2230"]
[WhiteTeam "The Audible Checks"]
[Black "Korshunov, Sergey And."]
[BlackElo "2245"]
[BlackTeam "Anglian Avengers"]
[Result "1/2-1/2"]

1. e4 c5 2. Nf3 a6 3. c4 Nc6 4. d4 cxd4 5. Nxd4 e5 6. Nf5 d6 7. Nc3 g6 8. Ne3
Bh6 9. g3 Nge7 10. Bg2 O-O 11. O-O Be6 12. b3 Rc8 13. Ncd5 Bxd5 14. exd5 Nd4
15. Bb2 1/2-1/2

[Event "4NCL Division Two"]
[Site "Telford, ENG"]
[Date "2024.03.17"]
[EventDate "2024.03.17"]
[Round "8.54"]
[White "Lewis, Andrew P"]
[WhiteTitle "FM"]
[WhiteElo "2258"]
[WhiteTeam "Anglian Avengers"]
[Black "Southcott-Moyers, Indy"]
[BlackElo "2243"]
[BlackTeam "The Audible Checks"]
[Result "1/2-1/2"]

1. d4 d5 2. c4 e6 3. Nc3 Nf6 4. Nf3 a6 5. cxd5 exd5 6. Bg5 Be6 7. e3 Nbd7 8.
Bd3 Bd6 9. Qc2 h6 10. Bf4 Qe7 11. O-O O-O 12. Rfe1 c6 13. Rac1 Rfe8 14. h3 Nh5
15. Bxd6 Qxd6 16. Na4 g6 17. Nc5 Nxc5 18. Qxc5 Qxc5 19. Rxc5 Ng7 20. Ne5 Bf5
21. Be2 f6 22. Ng4 Bxg4 23. hxg4 a5 24. Bd3 Kf7 25. Rc3 h5 26. gxh5 Nxh5 27.
Be2 Ng7 28. g3 Nf5 29. Kg2 Kg7 30. Rb3 Ra7 31. Rd1 Nd6 32. Rc3 Raa8 33. Rh1 Ne4
34. Rcc1 Nd6 35. Bd3 Red8 1/2-1/2

[Event "4NCL Division Two"]
[Site "Telford, ENG"]
[Date "2024.03.17"]
[EventDate "2024.03.17"]
[Round "8.55"]
[White "Saunders, Aron"]
[WhiteElo "2083"]
[WhiteTeam "The Audible Checks"]
[Black "Walker, Martin G"]
[BlackTitle "FM"]
[BlackElo "2191"]
[BlackTeam "Anglian Avengers"]
[Result "1-0"]

1. e4 Nf6 2. e5 Nd5 3. d4 d6 4. c4 Nb6 5. f4 dxe5 6. fxe5 Nc6 7. Be3 Bf5 8. Nc3
e6 9. Be2 Be7 10. Nf3 Bg4 11. O-O O-O 12. Qd2 f6 13. exf6 Bxf6 14. Rad1 Qd7 15.
Ne4 Rad8 16. Nxf6+ Rxf6 17. Qc3 Bxf3 18. Bxf3 Rdf8 19. b3 Qf7 20. Qd3 Qd7 21.
Qe4 Nc8 22. d5 N6e7 23. Bd4 Nd6 24. dxe6 Qxe6 25. Qd3 Rf5 26. Rfe1 Qf7 27. Bg4
h6 28. c5 Ndc8 29. Bxf5 Nxf5 30. Be5 c6 31. Qd7 Re8 32. Bc3 1-0

[Event "4NCL Division Two"]
[Site "Telford, ENG"]
[Date "2024.03.17"]
[EventDate "2024.03.17"]
[Round "8.56"]
[White "Samarakoon, Vivash Ransara"]
[WhiteElo "2142"]
[WhiteTeam "Anglian Avengers"]
[Black "Hng, Mei-Xian Eunice"]
[BlackTitle "WFM"]
[BlackElo "2083"]
[BlackTeam "The Audible Checks"]
[Result "0-1"]

1. e4 Nf6 2. e5 Nd5 3. d4 d6 4. Nf3 g6 5. h3 Bg7 6. exd6 cxd6 7. Bc4 Nb6 8. Bd3
Nc6 9. c3 O-O 10. Bg5 Qc7 11. O-O e5 12. Na3 a6 13. Rc1 Be6 14. Bb1 f5 15. dxe5
dxe5 16. Qd2 Nd8 17. Bh6 Nf7 18. Bxg7 Kxg7 19. c4 Rfd8 20. Qc3 Na4 21. Qb4 e4
22. Qxa4 exf3 23. Rfe1 Qf4 24. Qa5 Kg8 25. Qc3 Ng5 26. Qe5 Qh4 27. Qg3 Qxg3 28.
fxg3 Rd2 29. Rc2 f2+ 0-1

[Event "4NCL Division Two"]
[Site "Telford, ENG"]
[Date "2024.03.17"]
[EventDate "2024.03.17"]
[Round "8.57"]
[White "Bullen, Alex"]
[WhiteTitle "CM"]
[WhiteElo "2147"]
[WhiteTeam "The Audible Checks"]
[Black "Talsma, Paul"]
[BlackElo "2160"]
[BlackTeam "Anglian Avengers"]
[Result "1-0"]

1. Nf3 Nf6 2. b3 d5 3. Bb2 Bg4 4. e3 e6 5. h3 Bxf3 6. Qxf3 Be7 7. d4 c5 8. Nd2
cxd4 9. exd4 Nc6 10. Bd3 O-O 11. c3 e5 12. dxe5 Nxe5 13. Qf5 Bd6 14. Be2 Re8
15. O-O-O Qa5 16. Kb1 Rac8 17. Rc1 Ba3 18. Rhe1 Bxb2 19. Kxb2 d4 20. Kb1 dxc3
21. Nf3 c2+ 22. Rxc2 Rxc2 23. Kxc2 Qxa2+ 24. Kc1 Nxf3 25. gxf3 Qxb3 26. Qc5 Nd5
27. Bd1 1-0

[Event "4NCL Division Two"]
[Site "Telford, ENG"]
[Date "2024.03.17"]
[EventDate "2024.03.17"]
[Round "8.58"]
[White "Korchagina, Polina"]
[WhiteElo "1196"]
[WhiteTeam "Anglian Avengers"]
[Black "Turner, Lewis A"]
[BlackElo "2101"]
[BlackTeam "The Audible Checks"]
[Result "0-1"]

1. e4 c5 2. Nf3 d6 3. Bb5+ Nd7 4. c3 a6 5. Ba4 Ngf6 6. Bc2 e6 7. O-O Be7 8. d4
O-O 9. Re1 e5 10. Nbd2 Qc7 11. Nf1 Re8 12. Ng3 g6 13. h3 Bf8 14. d5 b5 15. Nh2
c4 16. Kh1 Bg7 17. Ng4 Nc5 18. Nxf6+ Bxf6 19. Bh6 Bg7 20. Qd2 Qe7 21. Bxg7 Kxg7
22. f4 Qh4 23. Ne2 Bg4 24. f5 Bxe2 25. Rxe2 gxf5 26. exf5 Kf6 27. Rf2 Rg8 28.
Rf3 Rg5 29. Qe1 Qxe1+ 30. Rxe1 Rag8 31. g4 h5 32. Rg1 hxg4 33. hxg4 Rxg4 34.
Rxg4 Rxg4 35. Kh2 e4 36. Rf2 Rg5 37. Rf4 Rxf5 38. Kg3 Ke5 0-1

[Event "4NCL Division Two"]
[Site "Telford, ENG"]
[Date "2024.03.17"]
[EventDate "2024.03.17"]
[Round "8.61"]
[White "Taylor, Adam A"]
[WhiteElo "2257"]
[WhiteTeam "SchachAttack"]
[Black "Richardson, John R"]
[BlackTitle "FM"]
[BlackElo "2277"]
[BlackTeam "The ADs"]
[Result "1-0"]

1. Nf3 Nf6 2. g3 b6 3. Bg2 Bb7 4. O-O e6 5. d3 d5 6. Nc3 c5 7. e4 d4 8. Ne2 Nc6
9. e5 Nd5 10. c3 dxc3 11. bxc3 Be7 12. a3 O-O 13. c4 Nc7 14. Bb2 Qd7 15. Qc2
Rad8 16. Rad1 Qc8 17. Nd2 Nd4 18. Nxd4 Bxg2 19. Kxg2 cxd4 20. Ne4 Na6 21. Rb1
Qc6 22. Qe2 Nc5 23. Rfe1 Na4 24. Qf3 Qc7 25. Nf6+ Kh8 26. Nh5 Nxb2 27. Rxb2
Bxa3 28. Ra2 Be7 29. Re4 Qb7 30. Kg1 f5 31. exf6 Bxf6 32. Nf4 Rfe8 33. Rae2 e5
34. Rxe5 Qb8 35. Rxe8+ Rxe8 36. Qh5 Rd8 37. Re8+ Rxe8 38. Ng6+ Kg8 39. Qd5+ Re6
40. Qxe6# 1-0

[Event "4NCL Division Two"]
[Site "Telford, ENG"]
[Date "2024.03.17"]
[EventDate "2024.03.17"]
[Round "8.62"]
[White "Bradbury, Neil H"]
[WhiteTitle "IM"]
[WhiteElo "2287"]
[WhiteTeam "The ADs"]
[Black "Nicholas, Koichi B"]
[BlackElo "2149"]
[BlackTeam "SchachAttack"]
[Result "1-0"]

1. d4 Nf6 2. Nf3 d5 3. c4 e6 4. g3 Be7 5. Bg2 O-O 6. O-O dxc4 7. Qc2 b5 8. a4
c6 9. axb5 cxb5 10. Ng5 h6 11. Bxa8 hxg5 12. Bxg5 Nd5 13. Bxe7 Qxe7 14. Nc3 Qd7
15. Rfd1 Re8 16. Ne4 a6 17. Ng5 g6 18. Qe4 Nb6 19. Qe5 Nxa8 20. Qxb8 Nc7 21.
Ne4 Kg7 22. Qb6 Rd8 23. Qc5 Nd5 24. Qa3 Qc6 25. Nc5 Nc7 26. e4 Rh8 27. Qe3 Rh5
28. h4 Ne8 29. d5 exd5 30. Qd4+ Nf6 31. e5 Ne4 32. Nxe4 dxe4 33. e6+ f6 34. Qd6
Qxd6 35. Rxd6 Re5 36. Rc6 Bxe6 37. Raxa6 Bd5 38. Rxf6 Bf7 39. Rf4 e3 40. fxe3
Re7 41. Rb6 Be8 42. Kf2 Ra7 43. Re4 1-0

[Event "4NCL Division Two"]
[Site "Telford, ENG"]
[Date "2024.03.17"]
[EventDate "2024.03.17"]
[Round "8.63"]
[White "Hng, Mei-En Emmanuelle"]
[WhiteTitle "WFM"]
[WhiteElo "2141"]
[WhiteTeam "SchachAttack"]
[Black "Roe, Simon J"]
[BlackElo "2260"]
[BlackTeam "The ADs"]
[Result "1-0"]

1. Nf3 d5 2. c4 d4 3. e3 Nc6 4. exd4 Nxd4 5. Nxd4 Qxd4 6. Nc3 c6 7. d3 Nh6 8.
Be2 Nf5 9. g4 Nh4 10. O-O e5 11. Be3 Qd8 12. d4 exd4 13. Qxd4 Qxd4 14. Bxd4 Be7
15. f4 h5 16. h3 hxg4 17. hxg4 Bd7 18. Rad1 b6 19. Ne4 O-O-O 20. c5 b5 21. f5
Rde8 22. Rd2 f6 23. a4 Bf8 24. Ng3 a6 25. b4 Be7 26. Nh5 Rh7 27. Bd3 Reh8 28.
Rh2 Rxh5 29. gxh5 Rxh5 30. Kh1 Nxf5 31. Bxf5 Rxf5 32. Rxf5 Bxf5 33. Rh8+ Kd7
34. a5 Bd8 35. Kg1 Be4 36. Kf2 Ke7 37. Rg8 g5 38. Bxf6+ Kxf6 39. Rxd8 1-0

[Event "4NCL Division Two"]
[Site "Telford, ENG"]
[Date "2024.03.17"]
[EventDate "2024.03.17"]
[Round "8.64"]
[White "Banerjee, Supratit"]
[WhiteElo "2137"]
[WhiteTeam "The ADs"]
[Black "Foo, Zhi Rong Benjamin"]
[BlackTitle "CM"]
[BlackElo "2207"]
[BlackTeam "SchachAttack"]
[Result "1/2-1/2"]

1. e4 e5 2. Nf3 Nc6 3. Bc4 Nf6 4. d3 Bc5 5. c3 d6 6. O-O Bg4 7. a4 a5 8. Re1
Nd7 9. h3 Bh5 10. Nbd2 g5 11. g4 Bg6 12. Nf1 f6 13. Ne3 Qe7 14. d4 Bb6 15. d5
Na7 16. b4 h5 17. Kg2 Qh7 18. Rh1 Nc8 19. Qe2 Ne7 20. Bd2 1/2-1/2

[Event "4NCL Division Two"]
[Site "Telford, ENG"]
[Date "2024.03.17"]
[EventDate "2024.03.17"]
[Round "8.65"]
[White "Waller, Dan"]
[WhiteElo "2110"]
[WhiteTeam "SchachAttack"]
[Black "Snape, Ian L"]
[BlackElo "2159"]
[BlackTeam "The ADs"]
[Result "1/2-1/2"]

1. e4 c5 2. Nf3 d6 3. Bb5+ Bd7 4. Bxd7+ Nxd7 5. O-O Ngf6 6. Re1 e6 7. d4 cxd4
8. Qxd4 Be7 9. c4 O-O 10. Nc3 a6 11. b3 Qa5 12. Qd2 Qc7 13. Ba3 Rfd8 14. Rac1
Ne5 15. Nd4 Qa5 16. Bb2 Qc5 17. h3 Rac8 18. Qe3 Ng6 19. Kh1 Nh5 20. Na4 Qg5 21.
Qxg5 Bxg5 22. Rcd1 Ne5 23. g3 Nc6 24. Nb6 Nxd4 25. Bxd4 Rc6 26. h4 Bf6 27. Be3
h6 28. g4 Nf4 29. Bxf4 Rxb6 30. h5 Rc6 31. Rd3 b5 32. cxb5 axb5 33. Red1 Rc2
34. R3d2 Rxd2 35. Rxd2 d5 36. exd5 exd5 37. Kg2 b4 38. Bc7 Rd7 39. Bb6 Bc3 40.
Rd3 d4 41. Kf3 Rd6 42. Bc5 Rd5 43. Ba7 Rd7 44. Bc5 1/2-1/2

[Event "4NCL Division Two"]
[Site "Telford, ENG"]
[Date "2024.03.17"]
[EventDate "2024.03.17"]
[Round "8.66"]
[White "Wafa, Shrook"]
[WhiteTitle "WGM"]
[WhiteElo "2115"]
[WhiteTeam "The ADs"]
[Black "Voyiakis, Emmanuel"]
[BlackElo "2055"]
[BlackTeam "SchachAttack"]
[Result "1-0"]

1. e4 c5 2. Nf3 d6 3. d4 cxd4 4. Nxd4 Nf6 5. Nc3 g6 6. Be3 Bg7 7. f3 O-O 8. Bc4
Nc6 9. Qd2 Bd7 10. O-O-O Rc8 11. Bb3 Nxd4 12. Bxd4 b5 13. Kb1 a5 14. e5 dxe5
15. Bxe5 b4 16. Bxf6 bxc3 17. Bxc3 Bxc3 18. Qxd7 Be5 19. Qb5 Bd6 20. Rd5 e6 21.
Rd4 Qc7 22. h4 Rb8 23. Qd3 Rfd8 24. Rc4 Qa7 25. h5 Bf8 26. Qe4 Bg7 27. Qf4 Rb7
28. hxg6 hxg6 29. Qh4 Rbd7 30. a4 Rd4 31. Rxd4 Rxd4 32. Qg5 Qc7 33. c3 Rd8 34.
Qc1 Rb8 35. Qc2 Qc5 36. Ka2 Rc8 37. Rd1 Qe5 38. Rd7 Bf6 39. Qd3 Qg5 40. g4 Qe5
41. Rxf7 Kxf7 42. Qd7+ Be7 43. Qxc8 Qe2 44. Qc6 Bg5 45. Qc7+ Kf8 46. Qc5+ Be7
47. Qxa5 Qxf3 48. Bxe6 1-0

[Event "4NCL Division Two"]
[Site "Telford, ENG"]
[Date "2024.03.17"]
[EventDate "2024.03.17"]
[Round "8.67"]
[White "Handley, Michael R"]
[WhiteElo "2093"]
[WhiteTeam "SchachAttack"]
[Black "Duggan, John E"]
[BlackElo "2118"]
[BlackTeam "The ADs"]
[Result "1-0"]

1. d4 Nf6 2. c4 e6 3. Nf3 b6 4. a3 Bb7 5. Nc3 d5 6. cxd5 Nxd5 7. e3 Be7 8. Bd3
Nd7 9. e4 Nxc3 10. bxc3 O-O 11. e5 c5 12. h4 Bxf3 13. Qxf3 cxd4 14. cxd4 f6 15.
Qh5 f5 16. Qe2 b5 17. Bxb5 Nb6 18. Bb2 Rb8 19. O-O Bxh4 20. Rac1 Nd5 21. Rc5 f4
22. Qe4 Be7 23. Bd3 g6 24. Rc2 Bh4 25. Bc4 Qd7 26. Qf3 Bd8 27. Rd1 Bb6 28. Bc3
a5 29. Bxd5 exd5 30. Rb2 a4 31. Bb4 Bc7 32. Rc2 Rf5 33. Rxc7 Qxc7 34. Bd6 Qb7
35. Bxb8 Qxb8 36. Qxd5+ Kg7 37. Qd7+ Rf7 38. Qxa4 f3 39. e6 Ra7 40. Qb4 Rb7 41.
Qc5 Rb1 42. Qe7+ Kh6 43. Rxb1 Qxb1+ 44. Kh2 Qe4 45. Qf8+ Kg5 46. Qxf3 Qxd4 47.
e7 1-0

[Event "4NCL Division Two"]
[Site "Telford, ENG"]
[Date "2024.03.17"]
[EventDate "2024.03.17"]
[Round "8.68"]
[White "Jaufarally, Nadia"]
[WhiteElo "2016"]
[WhiteTeam "The ADs"]
[Black "Simmons, Matthew"]
[BlackTitle "CM"]
[BlackElo "2051"]
[BlackTeam "SchachAttack"]
[Result "1/2-1/2"]

1. e4 Nf6 2. e5 Nd5 3. d4 d6 4. Nf3 dxe5 5. Nxe5 c6 6. Bc4 Nd7 7. O-O Nxe5 8.
dxe5 Bf5 9. c3 e6 10. Qe2 Be7 11. a4 O-O 12. Na3 Qc7 13. Re1 Rad8 14. Nc2 Nb6
15. Nd4 Bg6 16. Bb3 c5 17. Nb5 Qb8 18. Qg4 a6 19. Nd6 Bxd6 20. exd6 Qxd6 21.
Bf4 Qc6 22. a5 c4 23. axb6 cxb3 24. Bg5 Rd5 25. Be3 Bf5 26. Qb4 Bc2 27. Qg4 h5
28. Qg3 Qc4 29. Bd4 Rxd4 30. cxd4 Qxd4 31. Qe5 Qxe5 32. Rxe5 Rc8 33. f3 Rc6 34.
Rxh5 Rxb6 35. Rc5 Rb4 36. Kf2 Rd4 37. Ke3 Rd3+ 38. Ke2 Rd7 39. Rc3 Kf8 40. Rc1
Ke7 41. Ke3 Kd8 42. Ra1 Rd6 43. Ra4 b5 44. Rd4 Kd7 45. Rxd6+ Kxd6 46. Rc8 a5
47. Kd4 e5+ 48. Kc3 e4 49. fxe4 Bxe4 50. g3 Bd5 51. Kd4 Be6 52. Ra8 a4 53. Ra6+
Ke7 54. Kc5 Bd7 55. Kb4 1/2-1/2

[Event "4NCL Division Three Bishops"]
[Site "Telford, ENG"]
[Date "2023.11.18"]
[Round "1.11"]
[White "Okhai, Shabir"]
[Black "Headlong, Timothy"]
[Result "1-0"]
[WhiteElo "2100"]
[BlackElo "2054"]
[PlyCount "63"]
[EventDate "2023.11.18"]
[WhiteTeam "The Rookies"]
[BlackTeam "Brown Jack"]

1. e4 c5 2. Nf3 Nc6 3. Bb5 g6 4. O-O Bg7 5. c3 Nf6 6. Re1 O-O 7. d4 d5 8. e5
Ne4 9. Bxc6 bxc6 10. Be3 Qb6 11. Qc1 cxd4 12. cxd4 a5 13. Nc3 Nxc3 14. Qxc3 Bg4
15. Nd2 Rfb8 16. h3 Bd7 17. Nb3 Be8 18. Re2 e6 19. Rc1 Ra7 20. Nc5 Qd8 21. Qd2
Rb4 22. b3 Ra8 23. Bg5 Qb8 24. Rc3 Ra7 25. h4 Qc8 26. h5 Rb5 27. Qf4 Rb4 28.
Rec2 Rb8 29. Rh3 Rb4 30. a3 Rb8 31. Bh6 Qd8 32. Bxg7 1-0

[Event "4NCL Division Three Bishops"]
[Site "Telford, ENG"]
[Date "2023.11.18"]
[Round "1.12"]
[White "Gordon, Sean"]
[Black "Burrows, Martin P"]
[Result "1/2-1/2"]
[WhiteElo "1952"]
[BlackElo "2168"]
[PlyCount "48"]
[EventDate "2023.11.18"]
[WhiteTeam "Brown Jack"]
[BlackTeam "The Rookies"]

1. Nf3 Nf6 2. g3 d5 3. Bg2 e6 4. O-O Be7 5. c4 O-O 6. b3 b6 7. Bb2 c5 8. cxd5
Nxd5 9. d3 Bb7 10. Na3 Nc6 11. Nc4 b5 12. Nce5 Nxe5 13. Nxe5 f6 14. Ng4 e5 15.
Qd2 Qb6 16. Ne3 Nxe3 17. Qxe3 Bxg2 18. Kxg2 Rac8 19. Rfc1 Rc7 20. Rc2 Rfc8 21.
Rac1 b4 22. Qe4 Kh8 23. h4 Rd8 24. Ba1 Rcd7 1/2-1/2

[Event "4NCL Division Three Bishops"]
[Site "Telford, ENG"]
[Date "2023.11.18"]
[Round "1.13"]
[White "Byron, Alan M"]
[Black "Ogunshola, Ben"]
[Result "1/2-1/2"]
[WhiteElo "2138"]
[BlackElo "2020"]
[PlyCount "29"]
[EventDate "2023.11.18"]
[WhiteTeam "The Rookies"]
[BlackTeam "Brown Jack"]

1. e4 d6 2. d4 g6 3. Be3 Bg7 4. Nc3 a6 5. Qd2 Nd7 6. f3 b5 7. a3 Bb7 8. Nge2
Rc8 9. g4 c5 10. Bg2 Nb6 11. b3 Qc7 12. Rc1 h5 13. g5 e6 14. Bh3 Rd8 15. Rd1
1/2-1/2

[Event "4NCL Division Three Bishops"]
[Site "Telford, ENG"]
[Date "2023.11.18"]
[Round "1.14"]
[White "Conterno, Dominique"]
[Black "Compton, Alistair"]
[Result "0-1"]
[WhiteElo "1861"]
[BlackElo "2112"]
[PlyCount "48"]
[EventDate "2023.11.18"]
[WhiteTeam "Brown Jack"]
[BlackTeam "The Rookies"]

1. e4 e6 2. d3 d5 3. Nd2 Nf6 4. Ngf3 Bc5 5. Qe2 O-O 6. Nb3 Be7 7. g3 dxe4 8.
dxe4 b6 9. Bg2 Ba6 10. c4 Bb7 11. Nbd2 Nc6 12. a3 Nd4 13. Nxd4 Qxd4 14. Nb3 Qd7
15. O-O Rad8 16. e5 Bxg2 17. Kxg2 Qc6+ 18. f3 Nd7 19. Rd1 Nc5 20. Nd4 Rxd4 21.
Rxd4 Nb3 22. Re4 Nxa1 23. b4 Nb3 24. Be3 a5 0-1